najbardziej lubiane bajki - Statystyki

Ogólne statystyki
  • Ten quiz został rozwiązany 59 razy
  • Średni wynik to 2 z 6
Statystyki odpowiedzi
lubiana przez bajka % Poprawnych
102 mln osób świnka pepa
65%
99 mln osób pinokio
39%
30 mln osób stacyjkowo
26%
80 mln osób kung fu panda
24%
69 mln osób luluś
17%
95 mln osób brzydkie kaczątko
9%
Nie znaleziono quizów pasujących do podanych kryteriów
Rozkład punktacji
Procent ludzi z każdym wynikiem
Percentyl według liczby udzielonych odpowiedzi
Twoja historia wyników
Nie rozwiązałeś tego quizu